000 00450nam a22001817a 4500
003 LK-CoMWRAF
005 20231122105813.0
008 231121b |||||||| |||| 00| 0 eng d
020 _a0195649958
040 _aLK-CoMWRAF
_dLK-CoMWRAF
_eLK-CoMWRAF
041 _aeng
082 _a425
_bPAU
100 _aPaul, Teresa
245 _aWrite on target :
_bBook 5
260 _bOxford University press,
_c1999
650 _aEnglish writing
942 _cBK
999 _c4192
_d4192